00625nam a2200169Ia 4500008004100000041000800041082002000049100002100069245006600090250001200156260002700168365001600195700002100211906003000232999001900262952017400281230718s9999 xx 000 0 und d aeng a005.302'88bGOV aGovindarajalu B. aIBM PC And Clones bHardware ,Troubleshooting And Maintenance a2nd ed. c2005bTata Mc-graw Hil cRs.b450.00 aGovindarajalu B. d1069/07.01.2006cCOMPb90 c312135d312135 01104070aCCEPbCCEPd2006-01-18eGoels Computer HutfCOMPg360.00i1069/07.01.2006o005.302'88pCCEP-BK-23342r2023-07-18 00:00:00t90v450.00w2006-01-07yBKz023342